| 000 | 00367nam a2200145Ia 4500 | ||
|---|---|---|---|
| 008 | 150201s2005 xx 000 0 und d | ||
| 082 |
_a617.695 _bP2005A |
||
| 100 | _aANUSAVICE,KENITH.J. | ||
| 245 | _aPHILLIPS SCIENCE OF DENTAL MATERIALS | ||
| 250 | _a11TH | ||
| 260 |
_bELSEVIER _aDELHI _c2005 |
||
| 300 | _a1-805 | ||
| 650 | _aPROSTHODONTICS | ||
| 942 |
_2ddc _cBK _011 |
||
| 999 |
_c3358 _d3358 |
||